| 000 | 00950nam a2200229Ia 4500 | ||
|---|---|---|---|
| 001 | L130-878 | ||
| 003 | IT-CnALBA | ||
| 008 | 170116s9999||||xx |||||||||||||| ||und|| | ||
| 040 |
_aIT-CnALBA _cIT-CnALBA |
||
| 041 | _aITALIANO | ||
| 100 | _aCOUDERC PAUL | ||
| 245 | 0 | _aASTROLOGIA (L') | |
| 250 | _a1a ed. | ||
| 260 |
_aMILANO _bGARZANTI ALDO EDITORE _c1954 [1° Ed.: n.d.] |
||
| 300 | _a124 p. | ||
| 500 | _aTRADUZIONE DI MAGAZZARI LEA. PRELIMINARI ASTRONOMICI. DOTTRINE ASTRONOMICHEVALORE DELL'ASTROLOGIA. ASTROLOGIA E STORIA. ASTROLOGIA OGGI. CONCLUSIONE. | ||
| 501 | _aSocietà San Paolo EM - Piazza San Paolo, 14 - 12051 ALBA (CN) (non commercial uses only) ® Copyright 2017 | ||
| 520 | _aTRADUZIONE DI MAGAZZARI LEA. PRELIMINARI ASTRONOMICI. DOTTRINE ASTRONOMICHEVALORE DELL'ASTROLOGIA. ASTROLOGIA E STORIA. ASTROLOGIA OGGI. CONCLUSIONE. | ||
| 650 | _aPSICOLOGIA POPOL. PARAPSICOL. OCCULTIS | ||
| 942 | _cBK | ||
| 957 | _71 | ||
| 999 |
_a973 _bNO _g Copie: 1 _c260110 _d260110 |
||